| 000 | 00770nam a22002057a 4500 | ||
|---|---|---|---|
| 999 |
_c6338 _d6338 |
||
| 003 | AR-CdUCM | ||
| 008 | 190314b ||||| |||| 00| 0 spa d | ||
| 040 |
_aMUNICIPALIDAD PROVINCIAL DEL CUSCO _cBIBLIOTECA MUNICIPAL DEL CUSCO |
||
| 082 |
_22ed. _a869.56 / _bR696 |
||
| 100 |
_aRodríguez Cruz, Simón Samuel _918123 |
||
| 245 | _aDesatando penas y otros cuentos / | ||
| 260 |
_aCusco : _bSAQRA Editores, _c2015. |
||
| 300 |
_a55 páginas ; _c19 cm. |
||
| 505 | _aContenido: He venido a ti -- Ágil mariposa roja -- A descubrir siluetas -- Definiendo el amor -- Desatando penas -- Contigo se fue mi carcajada... | ||
| 650 |
_aPoesías peruanas. _91481 |
||
| 650 |
_aPoemas puneños. _918124 |
||
| 650 |
_aPoemas peruanos. _91040 |
||
| 942 |
_2ddc _cLIBROS |
||
| 945 | _adavv | ||